01552nam a2200193 a 450000500170000000800410001704100080005804400070006624501290007326000530020230000100025552009330026565000340119865000120123265000130124465000160125765000150127366200700128820180803165400.0140129b2002 ck ||||| |||| 00| 0 spa d aspa ack aCaracterización biológica Parque Nacional Natural Cueva de Los Guácharos, municipio de Acevedo, departamento del Huila aBogotábInstituto Alexander von Humboldtc2002 a28 p. aEl parque nacionla natural Cueva de Los Guácharo, fue creado en 1960 como la primera área de conservación declarado en el país, gracias a sus excepcionales componentes biológicos y geográficos. Su principal característica es la presencia de grandes sistemas de cavernas, producto de la disolución de formaciones calizas asociadas a relictos de robledales, vegetación de subpáramos y poblaciones de especies emblemáticas como el guácharo. El grupo de exploración y monitoreo ambienta GEMA del Instituto Humboldt realizó, entre el 25 de noviembre y el 8 de diciembre de 2001, una pequeña caracterización de algunos sectores del parque en el marco del primer curso de capacitación en técnicas de inventarios de biodiversidad, dirigido a investigaciones de distintas entidades, entre ellas CAR, UAESPNN y organizaciones privadas. Se muestrearon los grupos biológicos de aves, plantas e insectos aCaracterización biológica aPlantas aInsectos aEscarabajos aInventario aColombiacParque Nacional Natural Cueva de Los GuácharosbHuila